000 00786nam a2200289Ia 4500
001 19965
005 20240113235954.0
007 ta
008 060217s2002 a g b000 u 465 u
020 _a0-631-23569-8
040 _aCotton College,Assam
041 _a465
082 _a338.927
_bHa 19 Is
100 _aHanley, Nick .
245 0 _aIssues in Environmental Economics /
_cNick Hanley & Colin Roberts.
_hTextual Documents
250 _a1st ed. /
260 _aU.S.A. :
_bBlackwell Publishers Ltd ,
_c2002.
300 _a217p. :
_bill ;
_c23cm .
504 _aBib.,Index
653 _aEconomics
653 _aPG-Economics
653 _aEnvironmental Economy
700 _aRoberts, Colin .
942 _2ddc
_cBK
999 _c19947
_d19947